Quiz sur la Grenade - Statistiques

Statistiques générales
  • Ce quiz a été pris 2 515 fois
  • Le résultat moyen est 14 sur 20
Statistiques - réponses
Question Réponse % Correct
Langue officielle Anglais
97%
Religion la plus pratiquée Catholicisme
95%
Mer qui borde la Grenade Mer des Caraïbes
95%
Pays qui a envahi la Grenade en 1983, mettant un terme à ce régime États-Unis
93%
Pays dans lequel se situe la ville de Grenade qui a donné son nom à l'île Espagne
92%
Pays auquel la Grenade appartenait ensuite jusqu'en 1974 Royaume-Uni
91%
Archipel auquel la Grenade appartient Petites {Antilles}
90%
Devise monétaire Dollar
89%
Pays qui a colonisé la Grenade entre 1649 et 1763 France
85%
Idéologie suivie par la Grenade à partir de 1979 Marxisme
85%
Pays le plus proche sur le continent américain Venezuela
82%
Roi de la Grenade, de jure Charles III
75%
Sport le plus populaire Cricket
70%
Fête célébrée tous les 25 octobre pour commémorer cette invasion (aucun rapport avec la fête américaine qui porte le même nom) Thanksgiving
63%
Capitale et plus grande ville Saint Georges
54%
Célébration qui a traditionnellement lieu au mois d'août à la Grenade, et non avant le Carême comme dans dans la plupart des autres pays Carnaval
40%
Nom donné aux 6 régions qui subdivisent la Grenade P{aroisses}
39%
La Grenade représente 40% de la production mondiale de ce type de noix Noix de {muscade}
30%
Oiseau en danger critique d'extinction qui est l'animal national de la Grenade {Colombe} de Grenade
12%
Nom donné au parti politique qui dirigeait alors le pays New {Jewel} Movement
12%
Aucun quiz correspondant
Distribution des résultats
% des personnes avec chaque résultat
Percentile par nombre de réponses
Votre historique - résultats
Vous n’avez pas pris ce quiz